Digital image matching using different features for accurate areas calculation / (Record no. 60822)

MARC details
000 -LEADER
fixed length control field 015370000a22003370004500
003 - CONTROL NUMBER IDENTIFIER
control field EG-GICUC
005 - DATE AND TIME OF LATEST TRANSACTION
control field 20250223031721.0
008 - FIXED-LENGTH DATA ELEMENTS--GENERAL INFORMATION
fixed length control field 070225s2006 ua d f m 000 0 eng d
040 ## - CATALOGING SOURCE
Original cataloging agency EG-GICUC
Language of cataloging eng
Transcribing agency EG-GICUC
041 0# - LANGUAGE CODE
Language code of text/sound track or separate title Eng
049 ## - LOCAL HOLDINGS (OCLC)
Holding library Deposite
097 ## - Thesis Degree
Thesis Level M.Sc
099 ## - LOCAL FREE-TEXT CALL NUMBER (OCLC)
Classification number Cai01.13.05.M.Sc.2006.Ah.D
100 0# - MAIN ENTRY--PERSONAL NAME
Personal name Ahmed Mohammed Ali Saleh
245 10 - TITLE STATEMENT
Title Digital image matching using different features for accurate areas calculation /
Statement of responsibility, etc. Ahmed Mohammed Ali Saleh ; Supervised Zeinab Abd El ghany Wishahy , Ashraf Nasr Sayed
246 15 - VARYING FORM OF TITLE
Title proper/short title موائمة الصور الرقمية باستخدام المعالم المختلفة لزيادة دقة حساب المساحات
260 ## - PUBLICATION, DISTRIBUTION, ETC.
Place of publication, distribution, etc. Cairo :
Name of publisher, distributor, etc. Ahmed Mohammed Ali Saleh ,
Date of publication, distribution, etc. 2006
300 ## - PHYSICAL DESCRIPTION
Extent 120P :
Other physical details charts ;
Dimensions 30cm
502 ## - DISSERTATION NOTE
Dissertation note Thesis (M.Sc.) - Cairo University - Faculty Of Engineering - Department Of Civil Engineering
520 ## - SUMMARY, ETC.
Summary, etc. The errors in area calculation from digital image take place essentially within the boundary pixels at the edges of the shape It is the result of the difference between the pixel fraction , actually covered by the object , and its total area considered in the computer calculations
530 ## - ADDITIONAL PHYSICAL FORM AVAILABLE NOTE
Additional physical form available note Issued also as CD
653 #4 - INDEX TERM--UNCONTROLLED
Uncontrolled term Areas
653 #4 - INDEX TERM--UNCONTROLLED
Uncontrolled term Matching
653 #4 - INDEX TERM--UNCONTROLLED
Uncontrolled term Pixel
700 0# - ADDED ENTRY--PERSONAL NAME
Personal name Ashraf Nasr Sayed ,
Relator term
700 0# - ADDED ENTRY--PERSONAL NAME
Personal name Zeinab Abd El ghany Wishahy ,
Relator term
856 ## - ELECTRONIC LOCATION AND ACCESS
Uniform Resource Identifier <a href="http://172.23.153.220/th.pdf">http://172.23.153.220/th.pdf</a>
905 ## - LOCAL DATA ELEMENT E, LDE (RLIN)
Cataloger Mustafa
Reviser Revisor
905 ## - LOCAL DATA ELEMENT E, LDE (RLIN)
Cataloger Samia
Reviser Cataloger
942 ## - ADDED ENTRY ELEMENTS (KOHA)
Source of classification or shelving scheme Dewey Decimal Classification
Koha item type Thesis
Holdings
Source of classification or shelving scheme Not for loan Home library Current library Date acquired Full call number Barcode Date last seen Koha item type Copy number
Dewey Decimal Classification   المكتبة المركزبة الجديدة - جامعة القاهرة قاعة الرسائل الجامعية - الدور الاول 11.02.2024 Cai01.13.05.M.Sc.2006.Ah.D 01010110046581000 22.09.2023 Thesis  
Dewey Decimal Classification   المكتبة المركزبة الجديدة - جامعة القاهرة مخـــزن الرســائل الجـــامعية - البدروم 11.02.2024 Cai01.13.05.M.Sc.2006.Ah.D 01020110046581000 22.09.2023 CD - Rom 46581.CD
Cairo University Libraries Portal Implemented & Customized by: Eng. M. Mohamady Contacts: new-lib@cl.cu.edu.eg | cnul@cl.cu.edu.eg
CUCL logo CNUL logo
© All rights reserved — Cairo University Libraries
CUCL logo
Implemented & Customized by: Eng. M. Mohamady Contact: new-lib@cl.cu.edu.eg © All rights reserved — New Central Library
CNUL logo
Implemented & Customized by: Eng. M. Mohamady Contact: cnul@cl.cu.edu.eg © All rights reserved — Cairo National University Library